000 00867nam a2200277 a 4500
001 26236
003 CO-ViMGA
008 141112s2004 ck r 000 u spa d
015 _ack - 2008 - xxxx
020 _a978958301857
040 _aCO-ViMGA
_bspa
_cCO-ViMGA
041 _aspa
_beng
082 0 4 _a629.23 O94a
100 1 _aOxlade, Chris
_940953
245 1 0 _aAutos :
_btrenes y motocicletas /
_cChris Oxlade ; traducción Diana Esperanza Gómez
250 _a1a. ed.
260 _aBogotá :
_bPanAméricana,
_c2008
300 _a32 p. : il. ; 30 cm
490 _aCómo funciona la ciencia
500 _aIncluye índice.
650 1 4 _aAutomóviles - Diseño y construcción
_940954
700 1 _aGómez, Diana Esperanza, traductor tr.
_940955
917 _a8372 20081105
942 _2ddc
_cBK
999 _c33424
_d33424